Statistiken für Weltführer nach Ländern (1940er) - Bildquiz

Klicken Sie hier um das Quiz zu spielen!

Allgemein

  • Dieses Quiz wurde 119 mal gespielt
  • Das Durchschnittsergebnis liegt bei 11 aus 18

Antwortstatistiken

Antwort% Korrekt
Deutschland
97%
Volksrepublik China
92%
Sowjetunion
90%
Vereinigtes Königreich
90%
Japan
85%
Vereinigte Staaten
81%
Spanien
78%
Frankreich
71%
Vereinigtes Königreich
64%
China, nationalistische Regierung
55%
Frankreich
53%
Vereinigte Staaten
51%
Italien
48%
Nordvietnam
48%
Indien
30%
Finnland
26%
Äthiopien
24%
Afghanistan
10%

Verteilung der Resultate

Perzentil nach korrekt beantworteten Fragen

Anzahl Personen mit jedem Resultat

Ihre Resultats-Entwicklung

Sie haben dieses Quiz noch nicht gespielt